[Event "Varde Weekend Grp1"]
[Site "Varde"]
[Date "2017.05.06"]
[Round "2"]
[White "Nissen, Niels Peter"]
[Black "Easwaralingam, Adesh"]
[Result "0-1"]
[WhiteElo "1727"]
[BlackElo "1879"]
[PlyCount "42"]
[EventDate "2017.05.05"]
[EventType "tourn"]
[EventRounds "5"]
[EventCountry "DEN"]
[SourceTitle "EXT 2023"]
[Source "ChessBase"]
[SourceDate "2022.10.05"]
[SourceVersion "1"]
[SourceVersionDate "2022.10.05"]
[SourceQuality "1"]

1. d4 Nf6 2. c4 c5 3. d5 b5 4. cxb5 a6 5. Nc3 axb5 6. Nxb5 Qa5+ 7. Nc3 Ne4 8. Qc2 Nxc3 9. bxc3 g6 10. e4 Bg7 11. Bb2 Ba6 12. Bxa6 Nxa6 13. Ne2 d6 14. 0-0 c4 15. a4 Nc5 16. Ra2 0-0 17. Nd4 Qb6 18. Rb1 Rfb8 19. Nc6 Qb3 20. Qxb3 Rxb3 21. Rba1 Nd3 0-1

[Event "Varde Weekend-C"]
[Site "Varde"]
[Date "2015.04.25"]
[Round "3"]
[White "Nissen, Niels Peter"]
[Black "Hansen, Jorgen2222"]
[Result "1-0"]
[WhiteElo "1594"]
[BlackElo "1450"]
[PlyCount "107"]
[EventDate "2015.04.24"]
[EventType "tourn"]
[EventRounds "5"]
[EventCountry "DEN"]
[SourceTitle "EXT 2023"]
[Source "ChessBase"]
[SourceDate "2022.10.05"]
[SourceVersion "1"]
[SourceVersionDate "2022.10.05"]
[SourceQuality "1"]

1. d4 d5 2. c4 c6 3. Nf3 Nf6 4. Nc3 Bf5 5. e3 e6 6. Nh4 Bg6 7. Nxg6 hxg6 8. b3 Bb4 9. Bd2 Nbd7 10. a3 Bxc3 11. Bxc3 Ne4 12. Bb2 Qe7 13. Bd3 Ndf6 14. a4 Qb4+ 15. Ke2 Qd6 16. h3 0-0-0 17. c5 Qc7 18. b4 Ng3+ 19. fxg3 Qxg3 20. Qf1 Nh5 21. Bc3 f5 22. Be1 Qg5 23. Qf3 Rhf8 24. g3 Nf6 25. Qf4 Qh5+ 26. Kd2 Ne4+ 27. Bxe4 fxe4 28. Qg4 Qh6 29. Ke2 Rf3 30. Ra3 g5 31. h4 Rf5 32. Qh3 gxh4 33. Qxh4 Qg6 34. Bf2 Rdf8 35. Be1 Qf7 36. g4 Rf6 37. Qg3 Rf3 38. Qh2 Rf6 39. Ra1 Rh6 40. Qg2 Rf6 41. Bg3 Qg6 42. Bf4 Qe8 43. Qg3 g5 44. Be5 Rf3 45. Qg1 Rf2+ 46. Qxf2 Rxf2+ 47. Kxf2 Qf7+ 48. Ke1 Qf3 49. Rh8+ Kd7 50. Ra2 Qxe3+ 51. Kf1 Qf3+ 52. Rf2 Qd3+ 53. Kg2 Ke7 54. Bd6+ 1-0